000 00658nam a22002417a 4500
003 UA-OsUOA
001 24362
007 ta
008 20040216b un ||||| |||| 00| 0 ukr d
100 _aГусак Валерій
090 _a329(477.81)
_bГ87
942 _cBK
040 _aUA-OsUOA
_bukr
_cUA-OsUOA
_dUA-OsUOA
245 _aГромадська діяльність для новачків
_cВ. Гусак; Ред. А. МішеняРед. А.Мішеня
300 _a63 с.
955 _a0
041 _aukr
080 _a329(477.81)
260 _aРівне
_bКаліграф
_c2001
044 _aUA
650 7 _2UDC
999 _c310633
_d310633